[Event "BLR-ch sf (Women)"]
[Site "Minsk"]
[Date "2023.12.10"]
[Round "4"]
[White "Baranova, Valentina"]
[Black "Kasperovich, Aleksandra"]
[Result "0-1"]
[WhiteElo "1162"]
[BlackElo "1269"]
[PlyCount "56"]
[EventDate "2023.12.07"]
[EventType "swiss"]
[EventRounds "9"]
[EventCountry "BLR"]
[SourceTitle "CB51_2023"]
[SourceDate "2023.12.20"]
[SourceVersion "1"]
[SourceVersionDate "2023.12.20"]
[SourceQuality "1"]

1. Nf3 Nf6 2. d4 g6 3. c4 Bg7 4. Nc3 d6 5. g3 0-0 6. Bg2 Nbd7 7. 0-0 c6 8. e4 Qc7 9. Bg5 e5 10. d5 h6 11. Bd2 Nc5 12. Ne1 cxd5 13. cxd5 a5 14. a4 b6 15. f3 Ba6 16. Nb5 Qd7 17. Qe2 Nxa4 18. Rxa4 Bxb5 19. Nd3 Bxa4 20. Rc1 Rac8 21. Rc3 Rxc3 22. bxc3 Qb5 23. Bf1 Bc2 24. Qe3 Bxd3 25. Bxd3 Qc5 26. c4 Qxe3+ 27. Bxe3 a4 28. Bxb6 a3 0-1